000 nam a22 7a 4500
999 _c29378
_d29378
008 171205b xxu||||| |||| 00| 0 eng d
020 _a9789966464149
050 _aAFR PR 9381.9 .G4N5 2011
100 _aGeteria, Wamugunda.
245 _aNice People /
_cWamugunda, Geteria.
250 _a1st ed.
260 _aKenyan:
_bSpear Books,
_c2011.
300 _a190p.
_c20cm
650 _aKenyan Literature
942 _2lcc
_cAFRICANA
_hAFR 9381.9 .G4N5 2011